00468nam a2200181Ia 4500003000900000008004100009040001300050040001300063041000800076100002000084245012200104250000900226260001600235260000900251300001000260300001000270490000600280IT-RoPAU120407s9999 xx 000 0 und d aIT-RoPAU cIT-RoPAU aita aGiuseppe Medici aLa protezione del suolo e la regolazione delle acque. Relazione al XXIII° Congresso Nazionale: Roma, 20 maggio 1967. aRoma aLa Bonifica c1967 a77 p. c24 cm v1